Wird geladen...
The Death of Shivaji and other essays
| 1. Verfasser: | |
|---|---|
| Format: | Printed Book |
| Sprache: | Malayalam |
| Veröffentlicht: |
The Times Press, London
The Times Press, London
1906
|
| LEADER | 00505nam a2200133Ia 4500 | ||
|---|---|---|---|
| 008 | 111205s9999 xx 000 0 mal d | ||
| 082 | |a 853 JOS/P | ||
| 100 | |a Karkaria ,R.P. | ||
| 245 | |a The Death of Shivaji and other essays |c Karkaria ,R.P. | ||
| 260 | |b The Times Press, London |a The Times Press, London |c 1906 | ||
| 300 | |a 50 | ||
| 942 | |c BK | ||
| 999 | |c 223043 |d 223043 | ||
| 952 | |0 0 |1 0 |4 1 |6 853_000000000000000_JOS_P |7 0 |9 246267 |a MAL |b MAL |c ST1 |d 1984-03-28 |g 0.00 |l 0 |o 853 JOS/P |p MAL22289 |r 2015-04-13 |v 0.00 |w 2015-04-13 |y BK |k 1.00 | ||